000 01146nam0a2200337 4500
001 RU\NLR\bibl\1731361
005 20250616075856.0
010 _a978-5-7237-0902-7
_9120
021 _aRU
_b2010-105965
_97159
035 _a(nilc)RSL-KNO-004875847
035 _a(NLR Aleph) 001722310
090 _a1347529
_c1347529
100 _a20110117d2010 |||y0rusy50 ca
101 0 _arus
102 _aRU
105 _aa |||||||||
200 1 _aПосле мечты
_eстихи, проза
_fЕлена Подаревская
210 _aМосква
_cРоссийский химико-технологический университет
_d2010
215 _a93 с.
_cил.
_d21
327 1 _aСодерж.: Стихотворения; После мечты: рассказ
686 _aШ5(2=Р)75-6я44
_2rubbk
686 _aШ6(2=Р)8я44
700 1 _aПодаревская
_bЕ. Д.
_gЕлена Д
_4070
801 0 _aRU
_bRuMoRKP
_c20110117
_grcr
801 1 _aRU
_bRuMoRGB
_c20110117
801 2 _aRU
_bNLR
_c20110203
_grcr
830 _aавт. по кн.
942 _cBOOK
980 _aNB